00613nam a22002057a 4500003000400000005001700004008004100021020001500062050002500077100002600102245002900128260004000157300003300197521000700230526000800237650001800245942001200263999001700275952011500292OSt20140311163218.0121113t xxu||||| |||| 00| 0 eng d a0439876435 aGB 1399b.Sw974 2006 aSweeney, Alyse925074 aFloods! /cAlyse Sweeney aNew York :bScholastic Inc.,c2006. a16 p. :bill. col. ;c20 cm. aG6 c820 aFloods925075 2lcccBK c42942d42942 00102lcc40aMUbMUcSCHOd2014-03-11l0oGB 1399 .Sw974 2006pMS1563r2014-03-11 00:00:00t1w2014-03-11yBK